| 000 | 00850nam a2200289 a 4500 | ||
|---|---|---|---|
| 001 | 86259 | ||
| 003 | BD-RjUL | ||
| 005 | 20260329154105.0 | ||
| 008 | 260329r20161907ii 000 0 eng | ||
| 020 | _a9385936808 | ||
| 035 | _a(BD-RjUL)86259 | ||
| 040 |
_aDLC _cDLC _dDLC _dBD-RjUL _beng |
||
| 041 | _aeng | ||
| 082 | 0 | 0 |
_223 _a822.912 _bSHM 2016 |
| 100 | 1 |
_aShaw, Bernard, _d1856-1950. |
|
| 245 | 1 | 0 |
_aMajor Barbara / _cBernard Shaw |
| 260 |
_aNew Delhi : _b‎Bloomsbury Methuen Drama, _c2016 |
||
| 300 |
_axxxviii,165 p. ; _c21 cm. |
||
| 336 |
_atext _btxt _2rdacontent |
||
| 337 |
_aunmediated _bn _2rdamedia |
||
| 338 |
_avolume _bnc _2rdacarrier |
||
| 610 | 2 | 0 |
_aSalvation Army _917881 |
| 650 | 0 |
_aChildren of the rich _vDrama. _917882 |
|
| 650 | 0 |
_aFathers and daughters _vDrama. _917883 |
|
| 650 | 0 |
_aCrime _vDrama. _917884 |
|
| 942 |
_2ddc _cBK |
||
| 999 |
_c86259 _d86259 |
||